Zákonník práce s komentárom a judikatúrou : Platný od 1. marca 2010

Enregistré dans:
Détails bibliographiques
Format: Livre
Langue:slovaque
Publié: Bratislava : NOVÁ PRÁCA, 2010
Sujets:
Accès en ligne:OBSAH
Tags: Ajouter un tag
Pas de tags, Soyez le premier à ajouter un tag!

MARC

LEADER 00000nam a22000003a 4500
001 stu204240
005 20150408163920.4
008 100525s2010----xo------------------slo-d
020 |a 978-80-89350-15-5 
040 |a STU  |b slo 
041 0 |a slo 
044 |a xo 
080 |a 349.2(094.4) 
245 |a Zákonník práce s komentárom a judikatúrou :  |b Platný od 1. marca 2010 
260 |a Bratislava :  |b NOVÁ PRÁCA,  |c 2010 
300 |a 262 s 
650 7 |a zákonník práce  |2 stusub 
856 4 |a https://sweb.mtf.stuba.sk/obsahy/zakonnik_prace_10  |u https://sweb.mtf.stuba.sk/obsahy/zakonnik_prace_10  |3 OBSAH 
996 |b 284M078159  |c M*12729-1  |l MMKN  |s A  |a 24  |w stu204240_0001 
996 |b 284M078160  |c M*12729-2  |l MMKN  |s A  |a 24  |w stu204240_0002